| 000 | 00759nam a2200205 a 4500 | ||
|---|---|---|---|
| 001 | 000048319 | ||
| 005 | 20240305130443.0 | ||
| 008 | 190124s2016 dr 000 m spa d | ||
| 020 | _a9789945167757 | ||
| 040 |
_aDO-SdBNP _bspa _cBNPHU |
||
| 082 |
_axxxxx _bT173t |
||
| 100 | 1 |
_aTapounet Loinaz, Vicente _965263 |
|
| 245 | 1 | 0 |
_aTras las huellas de Jesús / _cVicente Tapounet Loinaz ; presentación Narciso Isa Conde ; corrección y cuidado de la edición Any Contreras. |
| 260 |
_aSanto Domingo : _bBúho, _c2016. |
||
| 300 |
_a127 p. ; _c22 cm. |
||
| 500 | _aIncluye datos biográficos del autor en la contraportada. | ||
| 590 | _aInventariado, 2019/LP | ||
| 700 | 1 |
_aContreras, Any, _ecorr. _975741 |
|
| 700 | 1 |
_aIsa Conde, Narciso, _d1942- _epresent. _912387 |
|
| 999 |
_c47807 _d47807 |
||